Chile
Gorde:
| Erakunde egilea: | |
|---|---|
| Formatua: | Liburua |
| Hizkuntza: | gaztelania |
| Argitaratua: |
Santiago
Zig Zag
1915
|
| Edizioa: | 1a. ed |
| Gaiak: | |
| Etiketak: |
Etiketa erantsi
Etiketarik gabe, Izan zaitez lehena erregistro honi etiketa jartzen!
|
MARC
| LEADER | 00000nam a2200000 a 4500 | ||
|---|---|---|---|
| 001 | UCJ4776 | ||
| 003 | CL-VaPUC | ||
| 008 | 070124e19150000CL |||||||||||||||||spa|d | ||
| 082 | 0 | 4 | |a 983 |b PRE |2 21 |
| 110 | 2 | |a Presidencia de la República |e author |9 509084 | |
| 245 | 1 | 0 | |a Chile |
| 250 | |a 1a. ed | ||
| 300 | |a 302 p | ||
| 942 | |c BK | ||
| 945 | |d 20070124 00:00:00 |a rinostro | ||
| 260 | |a Santiago |b Zig Zag |c 1915 | ||
| 500 | |a Profusión de fotografías de personalidades, lugares, instituciones, etc. del Chile de 1915 | ||
| 650 | 0 | |a Geografía |9 259346 | |
| 650 | 0 | |a Historia |9 255047 | |
| 650 | 7 | |a INSTITUCIONES |2 CL-VaPUC |9 329701 | |
| 650 | 7 | |a FLORA |2 CL-VaPUC |9 264745 | |
| 650 | 7 | |a FAUNA |2 CL-VaPUC |9 349523 | |
| 650 | 0 | |a Recursos naturales |9 255232 | |
| 650 | 7 | |a INDUSTRIA |2 CL-VaPUC |9 315110 | |
| 650 | 0 | |a Comercio |9 255341 | |
| 650 | 0 | |a Cultura |9 269059 | |
| 650 | 0 | |a Educación |9 258661 | |
| 650 | 0 | |a Iconografía |9 267998 | |
| 650 | 0 | |a Ilustraciones |9 369481 | |
| 583 | |a last modification |c 20070124 00:00:00 |k Rodrigo Vera | ||
| 999 | |c 320891 |d 320889 | ||
| 952 | |0 0 |1 0 |4 0 |6 983_000000000000000_PRE_1915 |7 0 |8 X |9 399513 |a FDOBUD |b FDOBUD |d 2019-11-22 |i 1025783 |o 983 PRE 1915 |p 1025783 |r 2019-11-22 |w 2019-11-22 |y BK_X |k BUD | ||